000 00821 a2200193 4500
003 NUST
005 20251121181135.0
040 _cNust
082 _a621.382,ASI
100 _aAsif , Capt. Nadeem (TCC-17A)
_9131992
245 _aTelemetry Via GSM /
_cCapt. Nadeem Asif, Capt. Nasir Rafique, Capt Imran Mehboob and Maj Usman Malik
260 _aRawalpindi
_bMCS (NUST)
_c2009
300 _a70 p.;
505 _aIntroduction (Page-1), Current Telemetry System in IRSA (Page-2), Field Visit to NESPAK and Water Wing WAPDA Lahore (Page-16), Telemetry Via GSM Network (Page-18), Project Development and Circuits (Page-49), Conclusion (Page-69), References (Page-70).
650 _aUG Projects
_998716
651 _aTCC-17A
_9131971
700 _aSupervised by Asst Prof Maj (R) Fazal Ahmad
_9131993
942 _cPR
_2ddc
999 _c184063
_d184063